000
00299nam a2200133Ia 4500
008
191201s2006 xx 000 0 und d
082
_a
658.15
_b
MAM
100
_a
MAHESWARI, Y
245
0
_a
Managerial Economics
260
_a
N.Delhi
_b
PHI
_c
2006
300
_a
284
650
_a
MBA
942
_2
ddc
_c
BK
999
_c
2879
_d
2879